00543nam a22001812 4500001001100000005001700011008004100028020001700069040001500086100003300101245010400134250001300238260002800251300001100279650003600290700003200326852000300358000001318920151217154417.0090618s xx 000 0 eng d a9966410066 : aKABUcKABU1 aAcharya, Rohini.@000015330010aBiotechnology and the mining industry :bthe bacterial connection /cRohini Acharya, Ralph Spencer. a1st ed. aNairobi :bACTS,c1991. a48 p. 0aBacterial leaching.@00001703371 aSpencer, Ralph.@00001703381